000 00454nam a2200157 i 4500
001 38544
003 ES-MaACL
005 20230906155757.0
007 t|
008 030225s1958 sp ||||1| spa d
100 1 _aCámara Abellán, Luis.
_933990
245 1 0 _aSermonario por el presbítero /
_cLuis Cámara Abellán.
260 _aMadrid :
_b[s.n.,
_c1958] (
_fImp. Onofre Alonso)
300 _a2 t. ;
_c21 cm.
852 _aES-MaACL
_jC-15078-9
_bR.42422
999 _c38544
_d38544